| 000 | 00589nam a2200181 4500 | ||
|---|---|---|---|
| 999 |
_c11602 _d11602 |
||
| 008 | 200320b ||||| |||| 00| 0 eng d | ||
| 020 | _a9789280115369 | ||
| 040 | _aIMO | ||
| 082 | 0 | 0 |
_a623.8881 _bIMO |
| 245 | 1 | 0 | _aCSS code : code of safe practice for cargo stowage and securing : including revised guidelines for the preparation of the cargo securing manual |
| 250 | _a3 | ||
| 260 |
_aLondon _bInternational Maritime Organization _c2011 |
||
| 300 | _avi, 145 p. | ||
| 650 | 0 | _aCargo handling | |
| 650 | 0 | _aStowage | |
| 650 | 0 | _aShips - Cargo - Safety regulations | |
| 942 |
_2ddc _cRT |
||